Traders' manual for Asia and the Pacific : Sri Lanka..
| Format: | Book |
|---|---|
| Published: |
New York:
United Nations,
1989.
|
| Subjects: |
| LEADER | 00462cam a2200157 7i4500 | ||
|---|---|---|---|
| 001 | 0000004165 | ||
| 005 | 19991025090000.0 | ||
| 002 | ##000005623 | ||
| 020 | 0 | 0 | |a T000004772 |
| 090 | 0 | 0 | |a SRLA 330.9 |b TRA |
| 245 | 0 | 0 | |a Traders' manual for Asia and the Pacific : |b Sri Lanka.. |
| 260 | 0 | 0 | |a New York: |b United Nations, |c 1989. |
| 300 | 0 | 0 | |a 101 p.. |
| 650 | 0 | 0 | |a Trade regulation -- |z Sri Lanka |
| 651 | 0 | 0 | |a Sri Lanka |
| 999 | |a 0000005685 |b Book |c Open shelf |e Business Information Centre | ||